Statistics for Countries that Visit Sweden the Most

Click here to take the quiz!

General Stats

  • This quiz has been taken 525 times
  • The average score is 12 of 14

Answer Stats

VisitorsCountry% Correct
3,483,000Norway
99%
572,000Finland
98%
2,929,000Germany
98%
1,200,000Denmark
97%
771,000United Kingdom
97%
533,000United States
96%
167,000Spain
92%
310,000France
91%
243,000Italy
90%
283,000Poland
89%
658,000Netherlands
85%
258,000China
84%
358,000Switzerland
67%
185,000India
53%

Score Distribution

Percentile by Number Answered

Percent of People with Each Score

Your Score History

You have not taken this quiz